Statistiques concernant Disney paroles - C'est la fête (La Belle et la Bête)

Cliquez ici pour prendre le quiz!

Statistiques générales

  • Ce quiz a été pris 442 fois
    (275 depuis la dernière actualisation)
  • Le résultat moyen est 256 sur 438

Statistiques - réponses

Réponse% Correct
ce
99%
Ce
99%
c'est
99%
C'est
99%
la
99%
La
99%
fête
98%
fête,
98%
fête.
98%
à
93%
a
93%
A
93%
se
92%
et
90%
ma
90%
Ma
90%
le
89%
me
89%
de
87%
On
86%
on
86%
Vous
86%
vous
86%
au
84%
Au
84%
garanti
84%
impec.
83%
service
83%
Tout
83%
tout
83%
un
83%
Un
83%
ca
82%
Ca
82%
ca,
82%
ça
82%
nous
80%
votre
79%
dans
78%
Dans
78%
du
78%
mademoiselle
78%
ou
78%
avec
75%
chère
75%
Je
74%
je
74%
monde
74%
reste.
74%
chante,
73%
petite
73%
Plat
72%
que
72%
bavette
71%
danse,
71%
diner
71%
dîner
71%
dîner.
71%
France.
71%
oui
71%
Oui,
71%
oui,
71%
quand
71%
une
71%
veille
71%
jour
70%
des
69%
heure.
69%
connais
68%
ici
68%
sert
68%
Cuisine
67%
lu
67%
Prenez
67%
toute
67%
fera
66%
menu
66%
sera
66%
beurre
65%
chérie
65%
meilleure
65%
Mettez
64%
moi
64%
chouette
63%
donc
63%
laissez
62%
connaisseur.
61%
est
61%
l'aurez
61%
les
61%
Pour
61%
pour
61%
soir
61%
soir.
61%
bon
60%
immense
60%
minette.
59%
grande
57%
Mais
57%
par
57%
pas
57%
coup
56%
faire
55%
faire.
55%
croyez-moi
54%
qu'un
54%
j'suis
53%
Ne
53%
ne
53%
plaisir
53%
française
52%
gastronomie
52%
mes
52%
my
52%
pomme
52%
d'oeuvre,
51%
assiettes
50%
hors
50%
place
50%
couper
49%
présenter
49%
qui
49%
êtes
48%
fierté
48%
sifflet.
48%
sont
48%
vie
48%
invitons
47%
sans
47%
Sans
47%
seule
47%
haute
46%
mieux
46%
mieux.
46%
vaut
44%
aux
43%
sautées,
43%
copines.
42%
prépare
42%
j'ai
41%
J'ai
41%
chandeliers.
40%
fière.
40%
nos
39%
recette.
39%
supplice,
39%
trompette.
39%
ans
38%
demoiselle.
38%
flambées,
38%
Paris-Brest
38%
Plus
38%
qu'une
38%
chandelles,
37%
chandelles
37%
dix
37%
Dix
37%
fait
37%
potes
37%
thé,
36%
verres
36%
cote
35%
domestique
35%
galère,
35%
peut
35%
peut.
35%
pommes
35%
profonde
35%
rien
35%
spécialité.
35%
tradition
35%
bonheur
34%
office,
34%
prêt
34%
tristounette
34%
Y-a
34%
levons
33%
maisons.
33%
crèpes
32%
d'âme
32%
fillette
32%
grandes
32%
jongler
32%
laissez-vous
32%
poussière
32%
vraie
32%
art
31%
notre
31%
savoir
31%
Allez
30%
Pensez
30%
barrière
29%
dessert,
29%
jamais
29%
cafards,
28%
déprime
28%
montrer
28%
pouvoir
28%
chateau.
27%
tâche,
26%
jours
25%
labeur
25%
Mironton,
25%
sautons
25%
temps
25%
vive.
25%
Détendez-vous,
24%
lady
24%
vieux
24%
Ah
23%
champagne
23%
d'api
23%
désole.
23%
deux ?
22%
En
22%
sucre
22%
archives.
20%
autour
20%
déambuler
20%
corbeille.
19%
frais,
19%
bonne
18%
you
18%
comme
17%
ratatinés
17%
j'ferais
16%
tasses
16%
thank
16%
ferais
15%
mignonette
15%
Pendant
14%
folle.
13%
Vos
13%
vos
13%
boum
12%
grâce.
12%
impression.
12%
sifflerai
12%
bouillons.
11%
donner
11%
lumière
11%
petits
11%
jouent
10%
torchons,
10%
glacées,
9%
nappes
9%
classer
8%
L'important,
8%
sauve
8%
youpla
8%
Après
7%
grimace,
7%
irez
7%
l'aise.
6%
mettre
6%
route
6%
Bombes
5%
empessées
5%
façons,
5%
Jusqu'à
5%
bleu.
4%
criez
4%
Demain
4%
plaise.
4%
Badaboum
3%
serez
3%
combler,
2%
désirs,
2%
l'escarpolette.
2%
pimpons
2%
poussera
2%
requêtes.
2%
retraite.
2%
tourterelle.
2%
démène
1%
egayer
1%
viennent
1%
faux-semblants
0%
gatée
0%

Distribution des résultats

Percentile par nombre de réponses

% des personnes avec chaque résultat

Votre développement - résultats

Vous n’avez pas pris ce quiz depuis la dernière actualisation